000 01660nam a2200337 c 4500
003 BLK
005 20180420222836.0
008 180408b bul|||||r ||||||| ||bul||
010 _aKNG00063343000
040 _aBLK
041 _aBUL
_cBUL
080 _aОснови на математиката - Теория на множествата, формализъм и интуиционизъм(мат. аспекти), конструктивен подход, конструктивна математика, логически позитивизъм, логическа семантика и др. Вж и 5
_b510.2
_x
_z510.2
080 _aТопология - Обща алгебрична топология, топологични пространства, аналитични пространства и др.
_b515.1
_x
_z515.1
100 1 _aКуратовски, Кажимеж
_eпърви автор
_985784
700 1 _aНедев, Стоян
_eпрев. от англ.
_9288834
139 _aКуратовски, Кажимеж
_bК 94
245 1 0 _aУвод в теорията на множествата и топологията
_bМоногр.
_cКажимеж Куратовски; прев. от англ. Стоян Недев.
257 _aBGR
260 София
_bНаука и изкуство
_c1979
300 _a328 с.
_c22 см
380 _a5
650 4 _aМножества (мат.)
_9162550
650 4 _aТопология
_9173800
653 _aмножества
653 _aтопология
852 _aЦб 97779
856 4 _qpdf
_u
856 4 _qpdf
_u
942 _cKNG
_n0
944 _aCR
_c13.06.2004
_kЧиталня
944 _aED
_c24.08.2015
_k
999 _c59256
_d59256